<?xml version="1.0" encoding="UTF-8"?><?xml-stylesheet type="text/xsl" href="static/style.xsl"?><OAI-PMH xmlns="http://www.openarchives.org/OAI/2.0/" xmlns:xsi="http://www.w3.org/2001/XMLSchema-instance" xsi:schemaLocation="http://www.openarchives.org/OAI/2.0/ http://www.openarchives.org/OAI/2.0/OAI-PMH.xsd"><responseDate>2026-06-01T18:18:33Z</responseDate><request verb="GetRecord" identifier="oai:riubu.ubu.es:10259/5817" metadataPrefix="marc">https://riubu.ubu.es/oai/request</request><GetRecord><record><header><identifier>oai:riubu.ubu.es:10259/5817</identifier><datestamp>2022-05-20T13:23:36Z</datestamp><setSpec>com_10259_4141</setSpec><setSpec>com_10259_5086</setSpec><setSpec>com_10259_2604</setSpec><setSpec>com_10259.4_2516</setSpec><setSpec>col_10259_4142</setSpec><setSpec>col_10259.4_2517</setSpec></header><metadata><record xmlns="http://www.loc.gov/MARC21/slim" xmlns:doc="http://www.lyncode.com/xoai" xmlns:xsi="http://www.w3.org/2001/XMLSchema-instance" xmlns:dcterms="http://purl.org/dc/terms/" xsi:schemaLocation="http://www.loc.gov/MARC21/slim http://www.loc.gov/standards/marcxml/schema/MARC21slim.xsd">
<leader>00925njm 22002777a 4500</leader>
<datafield tag="042" ind1=" " ind2=" ">
<subfield code="a">dc</subfield>
</datafield>
<datafield tag="720" ind1=" " ind2=" ">
<subfield code="a">Albillos García, Silvia María</subfield>
<subfield code="e">author</subfield>
</datafield>
<datafield tag="720" ind1=" " ind2=" ">
<subfield code="a">Montero, Olimpio</subfield>
<subfield code="e">author</subfield>
</datafield>
<datafield tag="720" ind1=" " ind2=" ">
<subfield code="a">Calvo Meruelo, Sara</subfield>
<subfield code="e">author</subfield>
</datafield>
<datafield tag="720" ind1=" " ind2=" ">
<subfield code="a">Solano, Berta</subfield>
<subfield code="e">author</subfield>
</datafield>
<datafield tag="720" ind1=" " ind2=" ">
<subfield code="a">Trejo Gabriel y Galán, José Mª</subfield>
<subfield code="e">author</subfield>
</datafield>
<datafield tag="720" ind1=" " ind2=" ">
<subfield code="a">Cubo Delgado, Esther</subfield>
<subfield code="e">author</subfield>
</datafield>
<datafield tag="260" ind1=" " ind2=" ">
<subfield code="c">2021-05</subfield>
</datafield>
<datafield tag="520" ind1=" " ind2=" ">
<subfield code="a">Background: Studies have revealed controversial results regarding the diagnostic accuracy of plasma α-synuclein levels in patients with Parkinson’s disease (PD). This study was aimed to analyze the diagnostic accuracy of plasma α-synuclein in PD versus healthy controls and patients with essential tremor (ET).&#xd;
&#xd;
Methods: In this cross-sectional study, we included de novo (n = 19) and advanced PD patients [OFF (n = 33), and On (n = 35) states], patients with ET (n = 19), and controls (n = 35). The total plasma α-synuclein levels were determined using an ELISA sandwich method. We performed adjusted multivariate regression analysis to estimate the association of α-synuclein levels with group conditions [controls, ET, and de novo, OFF and ON-PD]. We studied the diagnostic accuracy of plasma α-synuclein using the area under the curve (AUC).&#xd;
&#xd;
Results: The plasma α-synuclein levels were higher in controls compared to PD and ET (p &lt; 0.0001), discriminating de novo PD from controls (AUC = 0.74, 95% CI 0.60–0.89), with a trend towards in advanced PD (OFF state) from ET (AUC = 0.69, 95% CI 0.53–0.84).&#xd;
&#xd;
Conclusions: This is the first study examining and comparing plasma α-synuclein levels in ET vs. PD and controls. Preliminary findings suggest that plasma α-synuclein levels might help to discriminate de novo and advanced PD from controls and ET.</subfield>
</datafield>
<datafield tag="024" ind2=" " ind1="8">
<subfield code="a">http://hdl.handle.net/10259/5817</subfield>
</datafield>
<datafield tag="024" ind2=" " ind1="8">
<subfield code="a">10.5334/tohm.600</subfield>
</datafield>
<datafield tag="024" ind2=" " ind1="8">
<subfield code="a">2160-8288</subfield>
</datafield>
<datafield ind1=" " ind2=" " tag="653">
<subfield code="a">Parkinson’s disease</subfield>
</datafield>
<datafield ind1=" " ind2=" " tag="653">
<subfield code="a">Essential tremor</subfield>
</datafield>
<datafield ind1=" " ind2=" " tag="653">
<subfield code="a">alpha-synuclein</subfield>
</datafield>
<datafield ind1=" " ind2=" " tag="653">
<subfield code="a">plasma biomarker</subfield>
</datafield>
<datafield ind1=" " ind2=" " tag="653">
<subfield code="a">diagnosis</subfield>
</datafield>
<datafield tag="245" ind1="0" ind2="0">
<subfield code="a">Can plasma α-Synuclein help us to differentiate parkinson’s disease from essential tremor?</subfield>
</datafield>
</record></metadata></record></GetRecord></OAI-PMH>